000
00158 a2200085 4500
041
_a
eng
100
_a
Carle,Eric
245
_a
Above us in the Sky
942
_c
BK
999
_c
31821
_d
31819